Music Quiz

Random Music or Lyrics Quiz
Score 0/35 Timer 10:00
11 Plays Today
% Correct
Another Brick in the Wall Pt. II
87.6%
Message in a Bottle
82.6%
Wannabe
82.3%
Holding Out For a Hero
81.5%
Dani California
79.8%
Space Oddity
79.6%
Proud Mary
77.9%
Tubthumping
77.7%
Kryptonite
77.5%
You Sexy Thing
75.1%
Bring Me to Life
73.1%
December 1963
72.5%
Baba O'Riley
69.4%
I Can't Help Myself
68.9%
The Greatest Love of All
68.5%
Joy to the World
67.2%
Blitzkrieg Bop
65.7%
Big Yellow Taxi
63.8%
% Correct
What's Up
58.4%
White Rabbit
58.1%
Fix You
57.9%
Clint Eastwood
56.7%
Song 2
56.4%
The Rose
56.2%
Mama Said Knock You Out
56%
River of Dreams
55.8%
Sister Christian
49.5%
The Rockafeller Skank
49.4%
Orinoco Flow
49.1%
Chop Suey
48.8%
Pink Houses
48.7%
Just a Friend
48.1%
Hella Good
47.9%
Bullet With Butterfly Wings
45.9%
Absolutely
33.9%
Remove Ads.
Support Sporcle.
Get the best of Sporcle when you Go Orange. This ad-free experience offers more features, more stats, and more fun while also helping to support Sporcle. Thank you for becoming a member.

You're not logged in!

Compare scores with friends on all Sporcle quizzes.
OR
Log In

Show Comments

Extras

Top Quizzes Today


Score Distribution

Your Account Isn't Verified!

In order to create a playlist on Sporcle, you need to verify the email address you used during registration. Go to your Sporcle Settings to finish the process.

Report this User

Report this user for behavior that violates our Community Guidelines.

Details: